000 nam a22 7a 4500
999 _c48180
_d48180
003 OSt
005 20190705143415.0
008 190705b xxu||||| |||| 00| 0 eng d
040 _cSEROSOFT
100 _aDr A K JAIN
245 _aNUTRITION AND HEALTH FOR DIPLOMA IN NURSING
300 _a110
942 _2ddc
_c01